Xử lý nước cấp sinh hoạt và công nghiệp

محفوظ في:
التفاصيل البيبلوغرافية
المؤلف الرئيسي: Nguyễn, Thị Thu Thuỷ
التنسيق: كتاب
اللغة:Undetermined
منشور في: Hà Nội Khoa học và kỹ thuật 2005
الموضوعات:
الوسوم: إضافة وسم
لا توجد وسوم, كن أول من يضع وسما على هذه التسجيلة!
Thư viện lưu trữ: Trung tâm Học liệu Trường Đại học Cần Thơ
LEADER 00624nam a2200205Ia 4500
001 CTU_95580
008 210402s9999 xx 000 0 und d
020 |c 32000 
082 |a 628.162 
082 |b Th523 
100 |a Nguyễn, Thị Thu Thuỷ 
245 0 |a Xử lý nước cấp sinh hoạt và công nghiệp 
245 0 |c Nguyễn Thị Thu Thuỷ 
260 |a Hà Nội 
260 |b Khoa học và kỹ thuật 
260 |c 2005 
650 |a Water supply,Water 
650 |x Purification,Filtration 
904 |i M.Loan,Hải 
980 |a Trung tâm Học liệu Trường Đại học Cần Thơ